000 00620nam a2200205 i 4500
001 33839
003 ES-MaACL
005 20230906154829.0
007 t|
008 030203q1954 sp ||||1| spa d
100 1 _aBlackmore, R. D.
_929076
245 1 0 _aLorna Doone /
_cR. D. Blackmore ; [traducción de José Mª Balil Siró].
260 _aBarcelona :
_bMiguel Arimany,
_c[1954?] (
_fAmpurias)
300 _a224 p. ;
_c19 cm.
490 1 _aRobinsones ;
_v8
700 1 _aBalil Giró, José María.
_924940
830 0 _aRobinsones ;
_v8
_9183367
852 _aES-MaACL
_jC-7899
_bR.35061
999 _c33839
_d33839